Time longer than rope (Record no. 59917)

MARC details
000 -LEADER
fixed length control field 00593nam a2200157 a 4500
008 - FIXED-LENGTH DATA ELEMENTS--GENERAL INFORMATION
fixed length control field 120416s1966 ||||||||||||||||| || u
050 ## - LIBRARY OF CONGRESS CALL NUMBER
Classification number DT 763 Rou
100 ## - MAIN ENTRY--PERSONAL NAME
Personal name Roux, Edward
245 10 - TITLE STATEMENT
Title Time longer than rope
246 ## - VARYING FORM OF TITLE
Title proper/short title a history of the black man's struggle for freedom in South Africa
250 ## - EDITION STATEMENT
Edition statement 2nd ed.
260 ## - PUBLICATION, DISTRIBUTION, ETC.
Place of publication, distribution, etc. Madison
Name of publisher, distributor, etc. University of Wisconsin Press
Date of publication, distribution, etc. 1966
300 ## - PHYSICAL DESCRIPTION
Extent xviii, 469p.
350 ## - PRICE (NR) (BK AM CF MU VM SE) [OBSOLETE]
Price 0.00
995 ## - RECOMMENDATION 995 [LOCAL, UNIMARC FRANCE]
-- 0.00
-- CBU-MAIN LIBRARY (Kitwe)
-- 1
-- 0.00
-- 1
-- AVAILABLE
-- Sep 8, 2006
-- Main Library Open Access Collection
Holdings
Withdrawn status Lost status Source of classification or shelving scheme Damaged status Not for loan Home library Current library Shelving location Date acquired Total Checkouts Full call number Barcode Date last seen Price effective from Koha item type
          CBU-MAIN LIBRARY, KITWE. CBU-MAIN LIBRARY, KITWE.   11/30/2022   DT 763 Rou 001035 11/30/2022 11/30/2022 MONOGRAPH